Catalog

Record Details

Catalog Search



The time traveler's wife Cover Image CD Audiobook CD Audiobook

The time traveler's wife [sound recording] / by Audrey Niffenegger.

Niffenegger, Audrey. (Author). Hope, William. (Added Author). Lefkow, Laurel. (Added Author).

Summary:

Clare first met her future husband, Henry, when he was 30 years her senior. However, as a result of Henry's Chrono-Displacement Disorder, when the couple married, they were only separated by eight years. Unable to stop shifting in time, Henry attempts to coup with the emotional trauma of missing and revisiting portions of his life.

Record details

  • ISBN: 9781598877373
  • ISBN: 1598877372
  • Physical Description: 16 sound discs (17 hr., 45 min.) : digital ; 4 3/4 in.
  • Edition: Unabridged.
  • Publisher: Minneapolis, MN : HighBridge, p2005.

Content descriptions

General Note:
Compact discs.
Participant or Performer Note:
Read by William Hope and Laurel Lefkow.
Subject: Married people > Fiction.
Time travel > Fiction.
Domestic fiction.
Audiobooks.
Genre: Fantasy fiction.

Available copies

  • 1 of 1 copy available at scottsboropl.

Holds

  • 0 current holds with 1 total copy.
Show Only Available Copies
Location Call Number / Copy Notes Barcode Shelving Location Status Due Date
scottsboropl BK/CD Nif 32269000840820 Adult - Audiobook Available -

LDR 01423cim a2200337 a 4500
001131664
003CONS
00520140703073306.0
007sd fsngnnmmned
008081103s2005 mnunnn f eng d
020 . ‡a9781598877373
020 . ‡a1598877372
035 . ‡a(CPomAG)LMN502684
08204. ‡a813/.54 ‡222
1001 . ‡aNiffenegger, Audrey.
24514. ‡aThe time traveler's wife ‡h[sound recording] / ‡cby Audrey Niffenegger.
250 . ‡aUnabridged.
260 . ‡aMinneapolis, MN : ‡bHighBridge, ‡cp2005.
300 . ‡a16 sound discs (17 hr., 45 min.) : ‡bdigital ; ‡c4 3/4 in.
500 . ‡aCompact discs.
5110 . ‡aRead by William Hope and Laurel Lefkow.
520 . ‡aClare first met her future husband, Henry, when he was 30 years her senior. However, as a result of Henry's Chrono-Displacement Disorder, when the couple married, they were only separated by eight years. Unable to stop shifting in time, Henry attempts to coup with the emotional trauma of missing and revisiting portions of his life.
650 0. ‡aMarried people ‡vFiction.
650 0. ‡aTime travel ‡vFiction.
650 0. ‡aDomestic fiction.
650 0. ‡aAudiobooks.
655 7. ‡aFantasy fiction. ‡2gsafd
7001 . ‡aHope, William.
7001 . ‡aLefkow, Laurel.
959 . ‡i32269000840820 ‡lBK/CD Nif ‡aAdult - Audiobook ‡tAudiobook ‡g39.95
852 . ‡p32269000840820 ‡jBK/CD Nif ‡gAdult - Audiobook ‡cAudiobook ‡y39.95 ‡bSBPL
901 . ‡a131664 ‡bUnknown ‡c131664 ‡tbiblio

Additional Resources